000 00512nam a2200169 i 4500
001 51780
003 ES-MaACL
005 20230906162432.0
007 t|
008 030819s1965 sp ||||1| spa d
100 1 _aDantec, François.
_942661
245 1 0 _aVed cómo se aman /
_cFrançois Dantec ; prólogo de René Carpentier.
260 _aBilbao :
_bEl Mensajero del Corazón de Jesús,
_c1965.
300 _a318 p. ;
_c20 cm.
700 1 _aCarpentier, René.
_935445
852 _aES-MaACL
_jC-27996
_bR.56976
999 _c51780
_d51780